Normal view
MARC view
- Microsoft software
Entry Topical Term
001 - CONTROL NUMBER
- control field: 94343
003 - CONTROL NUMBER IDENTIFIER
- control field: NUST
005 - DATE AND TIME OF LATEST TRANSACTION
- control field: 20220721122535.0
008 - FIXED-LENGTH DATA ELEMENTS
- fixed length control field: 220721|| aca||aabn | a|a d
040 ## - CATALOGING SOURCE
- Original cataloging agency: NUST
- Transcribing agency: NUST
150 ## - HEADING--TOPICAL TERM
- Topical term or geographic name entry element: Microsoft software
- General subdivision: Study and teaching
670 ## - SOURCE DATA FOUND
- Source citation: Work cat.: (NUST)174817: Lammle, Todd. 94238, MCSE TCP/IP study guide /, c1997.
